Estudios de derecho penal
Gespeichert in:
| 1. Verfasser: | |
|---|---|
| Format: | Buch |
| Sprache: | Spanisch |
| Veröffentlicht: |
Buenos Aires
Ideas
1947
|
| Schlagworte: | |
| Tags: |
Tag hinzufügen
Keine Tags, Fügen Sie den ersten Tag hinzu!
|
MARC
| LEADER | 00000nam a2200000 a 4500 | ||
|---|---|---|---|
| 001 | UCS0316 | ||
| 003 | CL-VaPUC | ||
| 008 | 970418e19470000AG |||||||||||||||||spa|d | ||
| 082 | 0 | 4 | |a 364.1 |b RAM |2 21 |
| 100 | 0 | |a Ramos Mejía, Enrique |e author |9 383615 | |
| 245 | 1 | 0 | |a Estudios de derecho penal |
| 300 | |a 261 p | ||
| 942 | |c BK | ||
| 945 | |d 19970418 00:00:00 |a paguirre | ||
| 260 | |a Buenos Aires |b Ideas |c 1947 | ||
| 650 | 7 | |a DERECHO PENAL |2 CL-VaPUC |9 11 | |
| 650 | 7 | |a DEFRAUDACIONES |2 CL-VaPUC |9 383299 | |
| 650 | 0 | |a Delitos |9 224143 | |
| 650 | 7 | |a CULPABILIDAD |2 CL-VaPUC |9 351694 | |
| 650 | 7 | |a DELITOS CONTRA EL HONOR |2 CL-VaPUC |9 383616 | |
| 650 | 7 | |a FRAUDE |2 CL-VaPUC |9 258623 | |
| 650 | 0 | |a Hurto |9 368483 | |
| 650 | 0 | |a Robo |9 383176 | |
| 650 | 7 | |a HOMICIDIO |2 CL-VaPUC |9 336529 | |
| 583 | |a last modification |c 19970418 00:00:00 |k Rodrigo Vera | ||
| 999 | |c 258548 |d 258546 | ||
| 952 | |0 0 |1 0 |4 0 |6 364_100000000000000_RAM_1947 |7 0 |8 A |9 282727 |a BIBDER |b BIBDER |d 2019-11-19 |i 1833650 |o 364.1 RAM 1947 |p 1833650 |r 2023-01-25 |w 2019-11-19 |y BK |k DER | ||